000 00815nas a2200277 4500
001 BR9805242
003 BR-BrBNA
005 20231205101145.0
007 ta
008 230509b bl.|||p| |||| 00| 00por d
040 _aBR-BrBNA
_bpor
_cBiblioteca Nacional de Agricultura
041 _a(Pt)
072 _aF03
100 1 _aMolin, L.
100 1 _aSilva, J.N. da
100 1 _aAraujo, E.F.
100 1 _aCorrea, P.C.
245 1 _aDesempenho de dois separadores em espiral na remocao de feijao miudo em lotes de sementes de soja
650 _aSemente
650 _aFeijao
650 _aSoja
650 _aVariedade
773 0 _tRevista Brasileira de Armazenamento (Brazil)
_xISSN 0100-3518
_g(1997), v. 22(1) p. 33-42
_wBR9805242
909 _a202311
_bLúcia
_c55
_dLúcia Elande
942 _2AGRIS
_n0
_cANA
999 _c160103
_d160103